[Event "Challenge"]
[Site "http://www.queenalice.com/game.php?id=1855742"]
[Date "2025.4.18"]
[Round "-"]
[White "Charlie"]
[Black "cdare"]
[Result "0-1"]
[WhiteElo "1901"]
[BlackElo "1811"]

1. e4 d5 2. exd5 Qxd5 3. Nc3 Qa5 4. Nf3 Nf6 5. Bc4 Nc6 6. d3 Bg4 7. Bd2 Qh5 8.
Be3 e6 9. Qe2 Ne5 10. Bd4 Nxc4 11. dxc4 Bd6 12. O-O-O O-O 13. h3 Bxf3 14. gxf3
Qh6+ 15. Kb1 a6 16. Rhg1 Rfe8 17. h4 e5 18. Be3 Qh5 19. Bg5 Nd7 20. Ne4 Nc5 21.
Nxd6 cxd6 22. Qe3 Re6 23. Qe2 f6 24. Be3 b6 25. Rh1 f5 26. Bg5 f4 27. b4 Na4 28.
Bxf4 Nc3+ 0-1

[Event "Challenge"]
[Site "http://www.queenalice.com/game.php?id=1856606"]
[Date "2025.5.3"]
[Round "-"]
[White "cdare"]
[Black "mario48"]
[Result "1-0"]
[WhiteElo "1919"]
[BlackElo "2259"]

1. e4 e5 2. Nf3 Nc6 3. Nc3 Nf6 4. Bc4 Bc5 5. O-O O-O 6. d3 d6 7. h3 Be6 8. Nd5
Bxd5 9. Bxd5 Nxd5 10. exd5 Nd4 11. Nxd4 Bxd4 12. c3 Bb6 13. Qg4 f5 14. Qg5 Qxg5
15. Bxg5 h6 16. Be3 f4 17. Bxb6 axb6 18. b4 Ra3 19. Rfc1 Rfa8 20. Rc2 c6 21.
dxc6 bxc6 22. f3 Kf7 23. Kf2 Ke6 24. Ke2 g5 25. c4 b5 26. c5 dxc5 27. Rxc5 Rxa2+
28. Rxa2 1-0

[Event "Challenge"]
[Site "http://www.queenalice.com/game.php?id=1858314"]
[Date "2025.6.4"]
[Round "-"]
[White "cdare"]
[Black "Capixaba789"]
[Result "0-1"]
[WhiteElo "2019"]
[BlackElo "1779"]

1. e4 e5 2. Nf3 d6 3. h3 c5 4. Bb5+ Nc6 5. Nc3 Bd7 6. d3 Nf6 7. Be3 Be7 8. O-O
Nd4 9. Bxd7+ Qxd7 10. Bxd4 cxd4 11. Ne2 O-O 12. Ng3 Rac8 13. Rc1 b6 14. Nf5 Rfe8
15. Nxe7+ Qxe7 16. c3 dxc3 17. bxc3 b5 18. Nh2 a6 19. Ng4 Qe6 20. Nxf6+ Qxf6 21.
Qb3 Qg5 22. Qd5 Red8 23. Qb7 Qd2 24. Qxa6 Qxd3 25. f3 Rxc3 26. Rxc3 Qxc3 27.
Qxb5 h6 28. Qb3 Qxb3 29. axb3 Rb8 30. Rb1 Kf8 31. Kf2 Ke7 32. b4 Kd7 33. Ke3 Rb5
34. Kd3 Kc6 35. Kc4 Rb7 36. Ra1 g6 37. Ra6+ Kd7 38. b5 Kc7 39. g3 f5 40. exf5
gxf5 41. g4 fxg4 42. fxg4 Kd7 43. Ra5 Ke6 44. Ra8 d5+ 45. Kc5 d4 46. Ra6+ Kf7
47. Rxh6 d3 48. Rd6 e4 49. Rd4 Re7 50. b6 e3 51. Rxd3 e2 52. Kc6 e1=Q 53. Rd7
Qc3+ 54. Kd6 Qd4+ 0-1

[Event "Challenge"]
[Site "http://www.queenalice.com/game.php?id=1859872"]
[Date "2025.7.14"]
[Round "-"]
[White "Capixaba789"]
[Black "cdare"]
[Result "0-1"]
[WhiteElo "1899"]
[BlackElo "2007"]

1. d4 Nf6 2. Nc3 e6 3. f4 d5 4. Nf3 Nc6 5. e3 a6 6. a3 Bd6 7. Bd3 O-O 8. O-O b5
9. Bd2 Bb7 10. Ne2 Ne7 11. Ng3 Ng6 12. Ne5 Bxe5 13. fxe5 Ne4 14. Nxe4 dxe4 15.
Be2 Qg5 16. Qe1 Nh4 17. Rf2 Bd5 18. Qf1 Rac8 19. Rf4 Ng6 20. Rg4 Qd8 21. c3 c5
22. Qf2 Qa5 23. Rf1 Qa4 24. Bc1 Bc4 25. Bxc4 Qxc4 26. Rxe4 Qd3 27. Rg4 cxd4 28.
Rxd4 Qf5 29. Qxf5 exf5 30. Rxf5 Rfd8 31. Rxd8+ Rxd8 32. Rf1 Re8 33. Rd1 Nxe5 34.
b3 Ng4 35. b4 h6 36. Rd6 Re6 37. Rxe6 fxe6 38. h3 Ne5 39. Kf2 Nd3+ 40. Kf3 Nxc1
41. Ke4 Kf7 42. Ke5 Na2 0-1

[Event "Let's Play Chess!"]
[Site "http://www.queenalice.com/game.php?id=1860039"]
[Date "2025.7.18"]
[Round "-"]
[White "cdare"]
[Black "WoodpusherKid"]
[Result "0-1"]
[WhiteElo "2005"]
[BlackElo "2556"]

1. e4 e5 2. Nf3 d6 3. h3 g6 4. Bc4 Bg7 5. Nc3 Nf6 6. d3 c6 7. O-O b5 8. Bb3 O-O
9. Bg5 a5 10. a3 h6 11. Bxf6 Qxf6 12. Kh2 Nd7 13. Ne2 a4 14. Ba2 d5 15. exd5 Qd6
16. Kh1 cxd5 17. Nc3 Bb7 18. Nxb5 Qc5 19. Nc3 Kh7 20. Qd2 d4 21. Ne4 Qc6 22.
Rac1 f5 23. Ng3 Rac8 24. Rfe1 Qd6 25. Qa5 Nc5 26. Qb4 e4 27. dxe4 fxe4 28. Nxe4
Bxe4 29. Nd2 Bxg2+ 30. Kxg2 Rxf2+ 31. Kxf2 Qh2+ 32. Kf3 Rf8+ 0-1

[Event "Let's Play Chess!"]
[Site "http://www.queenalice.com/game.php?id=1860040"]
[Date "2025.7.18"]
[Round "-"]
[White "WoodpusherKid"]
[Black "cdare"]
[Result "1-0"]
[WhiteElo "2600"]
[BlackElo "1966"]

1. g3 e5 2. d4 e4 3. e3 Nf6 4. c4 Bb4+ 5. Bd2 Bxd2+ 6. Nxd2 d6 7. Bg2 Bg4 8. Ne2
Qe7 9. Qc2 Bxe2 10. Kxe2 Nbd7 11. Nxe4 Nxe4 12. Bxe4 Nf6 13. Bxb7 Rb8 14. Bc6+
Nd7 15. Qc3 O-O 16. b3 Nf6 17. Bf3 h6 18. h4 Qd7 19. Kf1 Rfe8 20. Qc2 a5 21. Kg2
c6 22. Rad1 d5 23. Rc1 Ne4 24. cxd5 cxd5 25. Qc6 Qd8 26. Qc7 Rc8 27. Qxc8 Qxc8
28. Rxc8 Rxc8 29. Bxe4 dxe4 30. a4 f5 31. Rb1 g6 32. b4 axb4 33. Rxb4 Ra8 34.
Kh3 Ra6 35. g4 Kf7 36. Kg3 Ke6 37. Kf4 Kd5 38. gxf5 gxf5 39. Kxf5 Ra5 40. Rb5+
Rxb5 41. axb5 1-0